00349nam a2200145Ia 4500003000400000008004100004040001600045082001300061100002100074245003100095260003000126300001000156650001500166650002200181GCL140319s9999 xx 000 0 eng d aGCL / cGCL04a843bQ C1 aQUIGNARD, PASCAL10aCARUS / cQUIGNARD, PASCAL a[S.N] : bFOLIO ، c1990 a371 P04aLITERATURE04aFRENCH LITERATURE